000
00283nam a22001337a 4500
008
170406b xxu||||| |||| 00| 0 eng d
020
_a
0632001666
041
_a
eng
080
_2
3RD
_a
575
100
_a
9
101
_a
SHM
245
_a
IMMUNOCHEMISTRY
_c
WEIR, D.M
942
_2
udc
_c
BK
999
_c
9959
_d
9959